Dynamique chaotique: transformations ponctuelles, transition ordre désordre
Sábháilte in:
| Príomhchruthaitheoirí: | , |
|---|---|
| Formáid: | LEABHAR |
| Teanga: | Fraincis |
| Foilsithe / Cruthaithe: |
Toulouse
Cepadues
1980
|
| Sraith: | Collection Nabla
|
| Ábhair: | |
| Clibeanna: |
Cuir clib leis
Níl clibeanna ann, Bí ar an gcéad duine le clib a chur leis an taifead seo!
|
MARC
| LEADER | 00000nam a2200000 a 4500 | ||
|---|---|---|---|
| 001 | UCU3570 | ||
| 003 | CL-VaPUC | ||
| 008 | 960510e19800000fr |||||||||||||||||fre|d | ||
| 082 | 0 | 4 | |a 531.11 |b GUM |2 21 |
| 100 | |a Gumowski, Igor |e author |9 424962 | ||
| 700 | 0 | |a Mira, C |e author |9 360577 | |
| 245 | 1 | 0 | |a Dynamique chaotique: transformations ponctuelles, transition ordre désordre |
| 300 | |a 478 p | ||
| 942 | |c BK | ||
| 945 | |d 19960510 00:00:00 |a cmena | ||
| 260 | |a Toulouse |b Cepadues |c 1980 | ||
| 650 | 0 | |a Dinámica |9 260136 | |
| 650 | 0 | |a Mecánica |9 260096 | |
| 650 | 0 | |a Álgebra lineal |9 260445 | |
| 650 | 7 | |a ITERACION |2 CL-VaPUC |9 360578 | |
| 650 | 0 | |a Ecuaciones diferenciales |9 260083 | |
| 650 | 0 | |a Matemática aplicada |9 260236 | |
| 583 | |a last modification |c 20130816 05:18:35 |k Rodrigo Vera | ||
| 490 | 0 | |a Collection Nabla | |
| 999 | |c 247527 |d 247525 | ||
| 952 | |0 0 |1 0 |4 0 |6 531_110000000000000_GUM_1980 |7 0 |8 A |9 263508 |a BIBING |b BIBING |d 2019-11-19 |i 1654004 |o 531.11 GUM 1980 |p 1654004 |r 2025-01-20 |w 2019-11-19 |y BK |k EIQ | ||